<?xml version="1.0" encoding="UTF-8"?><marc:collection xmlns:marc="http://www.loc.gov/MARC21/slim">
  <marc:record>
    <marc:leader>00000nam##2200000za#4500</marc:leader>
    <marc:controlfield tag="001">9.608443</marc:controlfield>
    <marc:controlfield tag="003">CaOODSP</marc:controlfield>
    <marc:controlfield tag="005">20230131161133</marc:controlfield>
    <marc:controlfield tag="007">ta</marc:controlfield>
    <marc:controlfield tag="008">150406|1991||||xxc|||||     f|0| 0 eng|d</marc:controlfield>
    <marc:datafield tag="020" ind1=" " ind2=" ">
      <marc:subfield code="a">0-660-13132-3</marc:subfield>
    </marc:datafield>
    <marc:datafield tag="040" ind1=" " ind2=" ">
      <marc:subfield code="a">CaOODSP</marc:subfield>
      <marc:subfield code="b">eng</marc:subfield>
    </marc:datafield>
    <marc:datafield tag="043" ind1=" " ind2=" ">
      <marc:subfield code="a">n-cn---</marc:subfield>
    </marc:datafield>
    <marc:datafield tag="086" ind1="1" ind2=" ">
      <marc:subfield code="a">M40-49/4E</marc:subfield>
    </marc:datafield>
    <marc:datafield tag="110" ind1="2" ind2=" ">
      <marc:subfield code="a">Geological Survey of Canada.</marc:subfield>
    </marc:datafield>
    <marc:datafield tag="245" ind1="1" ind2="0">
      <marc:subfield code="a">Geology of the Cordilleran Orogen in Canada / </marc:subfield>
      <marc:subfield code="c">Edited by J. O. Wheeler, H. Gabrielse and C. J. Yorath. </marc:subfield>
    </marc:datafield>
    <marc:datafield tag="260" ind1=" " ind2=" ">
      <marc:subfield code="a">Ottawa - Ontario : </marc:subfield>
      <marc:subfield code="b">Energy, Mines and Resources. </marc:subfield>
      <marc:subfield code="c">1991.</marc:subfield>
    </marc:datafield>
    <marc:datafield tag="300" ind1=" " ind2=" ">
      <marc:subfield code="a">9 vols. 844p. : </marc:subfield>
      <marc:subfield code="b">figs., graphs, maps, references ; </marc:subfield>
      <marc:subfield code="c">29 cm. + </marc:subfield>
      <marc:subfield code="e">12 folded maps (boxed).</marc:subfield>
    </marc:datafield>
    <marc:datafield tag="490" ind1="1" ind2=" ">
      <marc:subfield code="a">Geology of Canada</marc:subfield>
      <marc:subfield code="v">4</marc:subfield>
    </marc:datafield>
    <marc:datafield tag="500" ind1=" " ind2=" ">
      <marc:subfield code="a">Contents: Tectonic framework.--Paleomagnetism: review and tectonic implications.--Precambrian basement rocks of the Canadian Cordillera.--Middle Proterozoic assemblages.--Upper Proterozoic assemblages.--Cambrian to Middle Devonian assemblages.--Upper Devonian to Middle Jurassic assemblages.--Upper Jurassic to Paleogene assemblages.--Neogene assemblages.--Physiographic evolution of the Canadian Cordillera.--Quaternary glaciation and sedimentation.--Modern plate tectonic regime of the continental margin of western Canada.--Volcanic regimes.--Plutonic regimes.--Metamorphism.--Structural styles.--Tectonic synthesis.--Regional metallogeny.--Energy and ground resources of the Canadian Cordillera.--Natural hazards.--Outstanding problems.--Index. Errata sheet inserted.</marc:subfield>
    </marc:datafield>
    <marc:datafield tag="563" ind1=" " ind2=" ">
      <marc:subfield code="a">Clothbound</marc:subfield>
    </marc:datafield>
    <marc:datafield tag="590" ind1=" " ind2=" ">
      <marc:subfield code="a">92-19</marc:subfield>
      <marc:subfield code="b">1992-05-08</marc:subfield>
    </marc:datafield>
    <marc:datafield tag="690" ind1="0" ind2="7">
      <marc:subfield code="a">Geology</marc:subfield>
      <marc:subfield code="2">gcpds</marc:subfield>
    </marc:datafield>
    <marc:datafield tag="720" ind1="1" ind2=" ">
      <marc:subfield code="a">Gabrielse, H.</marc:subfield>
    </marc:datafield>
    <marc:datafield tag="720" ind1="1" ind2=" ">
      <marc:subfield code="a">Yorath, C. J.</marc:subfield>
    </marc:datafield>
    <marc:datafield tag="830" ind1="#" ind2="0">
      <marc:subfield code="a">Geology of Canada ;</marc:subfield>
      <marc:subfield code="v">4</marc:subfield>
      <marc:subfield code="w">(CaOODSP)9.514766</marc:subfield>
    </marc:datafield>
    <marc:datafield tag="986" ind1=" " ind2=" ">
      <marc:subfield code="a">Geology of North America, vol. G-2</marc:subfield>
    </marc:datafield>
  </marc:record>
</marc:collection>
